UK Parliament Constituencies: Scotland - Statistics

General Stats
  • This quiz has been taken 333 times
  • The average score is 47 of 59
Answer Stats
Answer % Correct
Aberdeen North
98%
Aberdeen South
98%
Edinburgh East
98%
Edinburgh North and Leith
98%
Edinburgh South
98%
Edinburgh South West
98%
Edinburgh West
98%
Glasgow Central
98%
Glasgow East
98%
Glasgow North
98%
Glasgow North East
98%
Glasgow North West
98%
Glasgow South
98%
Glasgow South West
98%
West Aberdeenshire and Kincardine
98%
Orkney and Shetland
94%
Dundee East
91%
Dundee West
91%
Ochil and South Perthshire
89%
Perth and North Perthshire
89%
Dumfries and Galloway
87%
North Ayrshire and Arran
87%
Dumfriesshire, Clydesdale and Tweeddale
86%
Dunfermline and West Fife
85%
Inverness, Nairn, Badenoch and Strathspey
85%
Stirling
85%
Central Ayrshire
84%
Midlothian
82%
East Lothian
81%
Ross, Skye and Lochaber
78%
Linlithgow and East Falkirk
77%
North East Fife
77%
Argyll and Bute
76%
Falkirk
76%
Paisley and Renfrewshire North
76%
Paisley and Renfrewshire South
76%
Angus
74%
Berwickshire, Roxburgh and Selkirk
74%
Lanark and Hamilton East
73%
East Dunbartonshire
71%
Moray
71%
West Dunbartonshire
71%
Kilmarnock and Loudon
68%
Motherwell and Wishaw
68%
East Renfrewshire
66%
Kirkcaldy and Cowdenbeath
66%
Na h-Eileanan an Iar (Western Isles)
65%
Rutherglen and Hamilton West
65%
Banff and Buchan
64%
Caithness, Sutherland and Easter Ross
64%
Gordon
64%
Inverclyde
63%
Airdrie and Shotts
62%
Cumbernauld, Kilsyth and Kirkintilloch East
57%
East Kilbride, Strathaven and Lesmahagow
57%
Livingston
57%
Glenrothes
55%
Coatbridge, Chryston and Bellshill
46%
Ayr, Carrick and Cumnock
32%
No matching quizzes found
Score Distribution
Percent of People with Each Score
Percentile by Number Answered
Your Score History
You have not taken this quiz